Paises mundial 2002 - Estadísticas

Estadísticas generales
  • Esta prueba ha sido intentada 45 veces
  • La puntuación promedio es 26 de 32
Estadísticas de respuestas
Grupo A % Correcto
Argentina
100%
Brasil
100%
Alemania
97%
España
97%
Japón
97%
Portugal
97%
Uruguay
97%
Francia
94%
Estados Unidos
91%
Inglaterra
91%
Italia
91%
México
91%
China
89%
Corea del Sur
89%
Rusia
89%
Suecia
89%
Paraguay
80%
Costa Rica
77%
Senegal
77%
Croacia
74%
Ecuador
74%
Polonia
74%
Turquia
74%
Bélgica
69%
Camerún
69%
Irlanda
69%
Sudáfrica
69%
Dinamarca
63%
Nigeria
60%
Eslovenia
54%
Arabia Saudita
51%
Túnez
43%
No se encontraron pruebas coincidentes
Distribución de puntuación
Porcentaje de gente con cada puntuación
Porcentaje por número respondido
Historial de tus puntuaciones
No has intentado esta prueba.